01078nam a2200253 i 4500001001100000005001700011008004100028020001800069080003300087245014900120250004500269260007000314300003500384490003400419500002000453600002700473650004800500700003700548710003700585710005400622852001100676952012200687999001500809C00004936c20241029142557.0940310s1990 sp c 0011 spa d a84-7506-320-9 a910.4"17":58 Löfling, Pehr00aPERH Löfling y la expedición al Orinoco, 1754-1761 b: [exposicion] Pabellón Villanueva, Real Jardín Botánico, octubre-noviembre 1990. aEd. a cargo de Francisco Pelayo López. aMadrid : bEl Real Jardín : b; Quinto Centenario, cD.L. 1990. a190 p. : bil. col. ; c30 cm.0 aEncuentros. Serie catálogos aBibliografía.14aLöfling, Perh.91156 4aExpediciones Cientificas-yS. XVIII.9793121 aPelayo Gómez, Francisco.928952 aReal Jardín Botánico.9177402 aSociedad Estatal Quinto Centenario (Madrid)96496 jE-2695 00102ddc40708NORaRABASFbRABASFcSLd1994-03-10l0oE-2695p1005364r2024-10-15 09:03:57w2024-10-15yFONDOMODER c4863d4863